| 000 | 01054nam a22002177a 4500 | ||
|---|---|---|---|
| 999 |
_c63926 _d63926 |
||
| 003 | Ge_BSU | ||
| 005 | 20260223171139.0 | ||
| 008 | 260223s2023 ge ||||| |||| 00| 0 geo d | ||
| 020 | _a9789941344350 | ||
| 041 | _ageo | ||
| 080 | _a342.9 გ-67 | ||
| 100 |
_aგონაშვილი, ვ. _92853 |
||
| 245 |
_aმუნიციპალური სამართალი : _bძირითადი კონცეფციები, ევროპული ქარტია და საქართველო / _cვასილ გონაშვილი, ირაკლი კახიძე, ნანა ჭიღლაძე; |
||
| 264 |
_aთბილისი : _bმერიდიანი, _c2023. |
||
| 300 |
_a776 გვ.; _b24 სმ. |
||
| 504 | _aბიბლიოგრ. გვ. 775 | ||
| 653 | _aსამართალი | ||
| 700 |
_aკახიძე, ირაკლი _eავტორი _926950 |
||
| 700 |
_aჭიღლაძე, ნანა _eავტორი _99364 |
||
| 942 |
_2udc _cᲬᲘᲒᲜᲘ |
||